000 00764nam a2200193Ia 4500
001 23586
003 GE_BSU
008 181216s||||||||xx |||||||||||||| ||und||
040 _cGE_BSU
245 _aსაქართველოს ბიბლიოთეკა №2(71) 2018
245 _bჟურნალი გამოდის წელიწადში ოთხჯერ.
245 _cრედ.: ალექსანდრე ლორია, გურამ თაყნიაშვილი.
260 _aთბილისი
260 _c2018წელი
300 _a72გვ;30სმ;
653 _aპერიოდიკა
653 _aსაქართველოს ბიბლიოთეკა №2(71) 2018
942 _cCR
999 _c56473
_d56473